000 00872nam a2200229Ia 4500
001 L000-4
003 IT-CnALBA
008 170116s9999||||xx |||||||||||||| ||und||
040 _aIT-CnALBA
_cIT-CnALBA
041 _aITALIANO
100 _aAA. VV.
245 0 _aSTRUMENTI DI COMUNICAZIONE
250 _a1a ed.
260 _aCINISELLO BALSAMO (MI)
_bEDIZIONI PAOLINE
_c1991 [1° Ed.:1991 - Ed.Ling.Originale: 1991]
300 _a290 p.
500 _aSTRUMENTI DI COMUNICAZIONE. STAMPA, FOTOGRAFIA, CINEMA, COMUNICAZIONE ELETTRONICA. ATTIVITÀ HOBBYSTICHE.
501 _aSocietà San Paolo EM - Piazza San Paolo, 14 - 12051 ALBA (CN) (non commercial uses only) ® Copyright 2017
520 _aSTRUMENTI DI COMUNICAZIONE. STAMPA, FOTOGRAFIA, CINEMA, COMUNICAZIONE ELETTRONICA. ATTIVITÀ HOBBYSTICHE.
650 _aGENERALITÀ
942 _cBK
957 _71
999 _a4
_bNO
_g Copie: 1
_c259241
_d259241